[Event "Dortmund SuperGM 34th"]
[Site "Dortmund"]
[Date "2006.08.01"]
[Round "3"]
[White "Leko, Peter"]
[Black "Adams, Michael"]
[Result "1/2-1/2"]
[WhiteElo "2738"]
[BlackElo "2732"]
[Annotator "Marin,M"]
[PlyCount "50"]
[EventDate "2006.07.29"]
[EventType "tourn"]
[EventRounds "7"]
[EventCountry "GER"]
[EventCategory "19"]
[SourceTitle "CBM 114"]
[Source "ChessBase"]
[SourceDate "2006.10.02"]
[SourceVersion "1"]
[SourceVersionDate "2006.10.02"]
[SourceQuality "1"]

1. d4 Nf6 2. c4 e6 3. g3 d5 4. Bg2 dxc4 5. Nf3 Nc6 6. Qa4 {A safe continuation.
} ({At top level, nobody seems to be ready to try the sharp} 6. O-O Rb8 7. Nc3
b5 8. Ne5 {, Gleizerov's pet line.}) 6... Bb4+ 7. Bd2 Nd5 8. Bxb4 Ndxb4 9. a3
b5 10. Qxb5 Nc2+ 11. Kd2 Bd7 {A relatively new trend in this interesting
variation.} ({Actually, there does not seem to be anything wrong with the
slightly older continuation} 11... Nxa1 12. Qxc6+ Bd7 13. Qxc4 c5 14. Qa2 Qa5+
15. Nc3 cxd4 16. Nxd4 Rd8 17. Rxa1 e5 18. b4 Qb6 19. Nc2 Qxf2 20. Bd5 (20. Ne3
{1/2-1/2 Bareev,E (2702)-Adams,M (2755)/Dortmund 2000/CBM 078/[Ftacnik] (27)})
20... O-O 21. Qc4 Be6 22. Ne3 Qxh2 23. Qh4 Qxh4 24. gxh4 f5 25. Kc2 Kf7 26. Rd1
f4 27. Nc4 {1/2-1/2 Kasparov,G (2849)-Adams,M (2746)/Wijk aan Zee 2001/CBM 081}
) 12. Kxc2 Nxd4+ 13. Nxd4 Bxb5 14. Nxb5 {A very interesting position. The
material situation is approximately equal, but the black structure has serious
deffects. This is compensated about White's delay in development.} Rb8 15. Rd1
({The dangers facing the poorly coordinated white army can be seen from the
following games:} 15. N1c3 O-O 16. Rhd1 Qf6 17. Ne4 (17. f4 $2 Rxb5 18. Nxb5
Qf5+ 19. e4 Qxb5 $19 {0-1 Gustafsson,J (2579)-Shabalov,A (2624)/playchess.com
INT 2004/CBM 100 ext (31)}) 17... Qh6 18. Nbc3 f5 19. Nc5 Qxh2 20. Bf3 Qxf2 21.
Nd7 g5 22. Nxf8 Kxf8 23. g4 h5 $1 {A typical method of unblocking an
insufficiently defended square.} 24. gxf5 g4 25. Be4 Rb3 26. Rd2 Qe3 $19 {
/\Rxb2+ צd2, /\Rxc3+, Qxe4, 0-1 Mascaro March,P (2359)-Berg,E (2540)/Soller
2006/CBM 110 ext (70)}) 15... Qg5 16. Bc6+ {The blockade on light squares
established by this move is not too reliable, but the fact that the black king
is deprived of the right to castle offers White some additional time to
complete his own development.} Kf8 17. N1c3 Qc5 18. Bf3 $146 ({White did not
obtain suficient compensation after} 18. Rd7 Qxc6 19. Rxc7 Qb6 20. Rd1 Qxf2 {
0-1 Chetverik,M (2290)-Grabliauskas,V (2405)/Martin 1996/EXT 2002 (34)}) (18.
Be4 g6 19. Nd4 Kg7 20. e3 Qb6 {was somewhat similar to the main game, but
White gradually outplayed a much lower rated opponent in 1-0 Gordenko,D (2345)
-Gusev,L (2146)/Kiev 2003/EXT 2005 (69)}) 18... g6 {Black prepares to complete
his "artificial castle".} (18... Rxb5 19. Rd8+ Ke7 20. Rxh8 Rb3 {was given as
equal by Chetverik, probably having in view a possible perpetual check after a
further sacrifice on c3. However,} 21. g4 {takes away the important f5-square
from the enemy queen, leaving White with hopes to coordinate his forces and
convert his considerable material advantage.}) (18... a6 19. Nd4 Qb6 20. b4 $1
cxb3+ 21. Kb2 $13 {Chetverik. Indeed, an interesting position. The b-pawn is
the best shield the white king could dream of. In spite of Black's material
advantage, White has completed his development in a satisfactory way, enjoying
stability for his minor pieces.}) 19. Nd4 Kg7 20. Rd2 Rhd8 21. Rad1 {Both
sides have completed their development. White's pieces are rather well
coordinated but the white king is more exposed than his rival.} Qb6 22. Na4 Qa5
23. Nc3 Qb6 {Black decides to force a draw by repetition.} ({He could have
tried to increase his queen side pressure with} 23... Rd6 {since} 24. Nc6 $2 {
loses material to} Rxc6 $1 25. Bxc6 Qb6 26. Bb5 a6 $17 {We can conclude that
the opening has not been quite a success for White, who will have to look for
earlier deviations in the future.}) 24. Na4 Qa5 25. Nc3 Qb6 1/2-1/2

[Event "World Cup"]
[Site "Khanty-Mansiysk"]
[Date "2009.12.14"]
[Round "7.6"]
[White "Gelfand, Boris"]
[Black "Ponomariov, Ruslan"]
[Result "1-0"]
[WhiteElo "2758"]
[BlackElo "2739"]
[Annotator "Marin,M"]
[PlyCount "103"]
[EventDate "2009.11.21"]
[EventType "k.o."]
[EventRounds "7"]
[EventCountry "RUS"]
[SourceTitle "CBM 134"]
[Source "ChessBase"]
[SourceDate "2010.01.18"]
[SourceVersion "1"]
[SourceVersionDate "2010.01.18"]
[SourceQuality "1"]

1. d4 Nf6 2. c4 e6 3. Nf3 d5 4. g3 dxc4 5. Bg2 c5 6. O-O Nc6 7. dxc5 $5 {
A relatively rare move. By offering the early exchange of queens, White does
not aim for a rapid draw. On the contrary, he hopes to maintain the pressure
against the enemy queenside for a long time, in pure Catalan style. So far,
Practical results have been not too encouraging for White.} Qxd1 8. Rxd1 Bxc5
9. Nbd2 c3 10. bxc3 O-O 11. Ne1 $5 {This move was almost never played before.}
({The routine is} 11. Nb3 {This move has the drawback of closing the b-file,
thus reducing the potential pressure against the b7-pawn. In Khanty Mansiysk,
this line once again proved as harmless.} Be7 12. c4 Bd7 13. Bb2 Rac8 14. Rac1
Rfd8 15. Ne5 Nxe5 16. Bxe5 Bc6 17. Bxc6 Rxc6 18. Rxd8+ {1/2 Wang Yue (2734)
-Bacrot,E (2700)/Khanty Mansiysk 2009}) 11... Be7 ({The only previous game
where 11.Ne1 was played continued} 11... Rd8 {Kragten,J (2330)-Hempel,R (2345)/
ICCF corr 1995/Corr 2004 (1/2, 37)}) 12. Nd3 Nd5 13. Bb2 Nb6 14. Rab1 Na5 15.
Ba1 Rd8 16. c4 $1 {All the white pieces are working and Black is
underdeveloped. This justifies concrete action.} Naxc4 17. Nxc4 Nxc4 18. Bxb7
Bxb7 19. Rxb7 Bf6 20. Bxf6 gxf6 21. Rc1 Nd6 22. Re7 $16 {White has the better
structure and more active pieces. A dream position for Catalan specialists.}
Nb5 23. a4 Kf8 24. Rb7 Nd6 25. Rbc7 Ne8 26. R7c5 Rab8 27. R1c4 f5 28. Kg2 Rb7
29. a5 Nd6 30. Rd4 Ke8 31. f3 Nb5 32. Rh4 Kf8 33. a6 Rb6 34. Rb4 Rd5 35. Rxd5
exd5 36. Nf4 Nc7 37. Rxb6 axb6 38. a7 d4 39. Nd5 Na8 40. Kf2 Ke8 41. e3 dxe3+
42. Kxe3 Kd7 43. Nf6+ Ke7 44. Nxh7 f6 45. g4 b5 46. g5 fxg5 47. Nxg5 Kf6 48. f4
b4 49. Kd4 Nb6 50. Nf3 b3 51. Kc3 Ke6 52. h4 1-0

[Event "Olympiad-37"]
[Site "Turin"]
[Date "2006.05.23"]
[Round "3"]
[White "Kramnik, Vladimir"]
[Black "Naiditsch, Arkadij"]
[Result "1-0"]
[WhiteElo "2729"]
[BlackElo "2664"]
[Annotator "Marin,M"]
[PlyCount "65"]
[EventDate "2006.05.21"]
[EventType "team-swiss"]
[EventRounds "13"]
[EventCountry "ITA"]
[SourceTitle "CBM 113"]
[Source "ChessBase"]
[SourceDate "2006.07.31"]
[SourceVersion "1"]
[SourceVersionDate "2006.07.31"]
[SourceQuality "1"]
[WhiteTeam "Russia"]
[BlackTeam "Germany"]
[WhiteTeamCountry "RUS"]
[BlackTeamCountry "GER"]

1. Nf3 Nf6 2. c4 c5 3. g3 d5 4. d4 cxd4 5. Bg2 e6 6. O-O dxc4 7. Nxd4 Nd5 $146
(7... Bc5 8. Qa4+ Qd7 9. Nb5 O-O 10. Qxc4 Qe7 11. N5c3 a6 12. Bg5 Nbd7 13. Ne4
Ba7 14. Nbc3 $16 h6 15. Bd2 (15. Bf4 $1 e5 16. Bd2 {Polugaevsky}) 15... Rb8 16.
Rac1 (16. a4 $16 {Polugaevsky}) 16... Rd8 17. Rfd1 b5 18. Qc7 Bb6 19. Qd6 Qxd6
20. Nxd6 Ne5 21. Nxc8 Rdxc8 22. Be1 Ba5 {1/2-1/2 Polugaevsky,L (2620)
-Ljubojevic,L (2605)/Amsterdam 1981/MCL}) (7... Qb6 8. Nc3 $1 Bd7 9. Be3 $5 Bc5
$6 (9... Ng4 $5) 10. b4 $3 cxb3 11. Rb1 $1 $16 {xb7, Mikhalevski,V (2535)
-Murey,J (2420)/Israel 1997/CBM 061}) 8. Qa4+ Nd7 9. Qxc4 N7b6 10. Qb3 Bd7 11.
Nc3 Bc5 (11... Nxc3 12. Qxc3 Rc8 13. Qd3 Nd5 14. Rd1 Be7 15. Nf5 O-O 16. Nxe7+
Qxe7 17. e4 Nb6 18. Be3 $14 {[%csl Ye3,Yg2] ^^}) 12. Nxd5 Nxd5 13. Nf5 O-O 14.
Nxg7 Nf6 (14... Kxg7 15. Bxd5 exd5 16. Qc3+ $16) 15. Bh6 Qe7 16. Qf3 Bc6 17.
Qf4 Kh8 (17... Bxg2 $2 18. Nf5 $1 $18) 18. Bxc6 bxc6 19. Rac1 Bd6 20. Qh4 Ng8
21. Qxe7 Bxe7 22. Nxe6 Nxh6 23. Nxf8 Bxf8 24. Rxc6 $18 Rd8 25. Rfc1 Kg7 26.
R1c2 Nf5 27. e3 a5 28. Ra6 Rd5 29. e4 Rd1+ 30. Kg2 Nd4 31. Rc7 Nb5 32. Rb7 Nd6
33. Rd7 1-0

[Event "Candidates Tournament"]
[Site "Khanty-Mansiysk"]
[Date "2014.03.26"]
[Round "11"]
[White "Andreikin, Dmitry"]
[Black "Mamedyarov, Shakhriyar"]
[Result "1/2-1/2"]
[WhiteElo "2709"]
[BlackElo "2757"]
[Annotator "Marin,M"]
[PlyCount "91"]
[EventDate "2014.03.13"]
[EventType "tourn"]
[EventRounds "14"]
[EventCountry "RUS"]
[EventCategory "21"]
[SourceTitle "CBM 160"]
[Source "ChessBase"]
[SourceDate "2014.05.15"]
[SourceVersion "1"]
[SourceVersionDate "2014.05.15"]
[SourceQuality "1"]
[TimeControl "40/7200:20/3600:900+30"]
[WhiteClock "0:59:26"]
[BlackClock "0:56:56"]

1. Nf3 {[%emt 0:00:07]} d5 {[%emt 0:00:26]} 2. d4 {[%emt 0:00:09]} Nf6 {
[%emt 0:00:11]} 3. c4 {[%emt 0:00:08]} e6 {[%emt 0:00:06]} 4. g3 {[%emt 0:00:
11]} dxc4 {[%emt 0:00:20]} 5. Bg2 {[%emt 0:00:34]} c5 {[%emt 0:00:13]} 6. O-O {
[%emt 0:03:53]} Nc6 {[%emt 0:00:15] Decades ago, this was Black's main line in
the open Catalan. Fashion's wheel never stops turning and once again there
seems to be a lot of interest in this setup.} 7. dxc5 {[%emt 0:07:53] This
move and 7.Qa4 offer White a risk-free but only microscopically better
position.} ({The classic main line} 7. Ne5 {leads to more interesting play.})
7... Qxd1 {[%emt 0:00:14]} 8. Rxd1 {[%emt 0:00:05]} Bxc5 {[%emt 0:00:04]} 9.
Nbd2 {[%emt 0:00:04]} c3 {[%emt 0:00:06]} 10. bxc3 {[%emt 0:00:10]} O-O {
[%emt 0:00:14]} 11. Nb3 {[%emt 0:01:36] In the old days this was known to be
harmless.} ({The relatively unexplored} 11. Ne1 {yielded White a decisive win
in Gelfand,B (2758)-Ponomariov,R (2739) Khanty-Mansiysk 2009 CBM 134 [Marin,M]
(1-0, 52), but it was partly due to the effect of surprise.}) 11... Be7 {
[%emt 0:00:19]} 12. c4 {[%emt 0:05:21] But this is a modern trend already.} ({
Earlier, White looked for his chances after} 12. Nfd4 Nxd4 $5 {A modern
treatment of the variation.} ({There does not seem to be anything wrong with
the old} 12... Bd7 {, though. Markowski,T (2524)-Kaidanov,G (2596) Moscow 2002
CBM 088 [Ribli] (0-1, 48)}) 13. cxd4 Nd5 14. Bd2 f5 15. Na5 b6 16. Nc6 Bf6 17.
Rac1 Bb7 18. Rc2 Rfc8 19. Rdc1 Kf7 20. e3 Ke8 $11 {Sasikiran,K (2676)
-Wojtaszek,R (2734) New Delhi 2012 (1/2-1/2, 41)}) 12... Bd7 {[%emt 0:00:51]
So far, both opponents had played fast, but now White took a 20 minute period
of thought.} 13. Bb2 {[%emt 0:20:29] This is the move played in the vast
majority of games.} (13. Be3 $5 {[%cal Gb3c5]} Rac8 (13... Rad8 $5 14. Nc5 $140
Bc8) 14. Nc5 Bxc5 15. Bxc5 Rfd8 16. Rac1 b6 17. Ba3 Be8 18. Rxd8 Rxd8 19. c5 h6
20. cxb6 axb6 21. Bb2 Nd5 22. Ne1 Ra8 23. a3 b5 24. Nd3 $14 {Sargissian,G 
(2651)-Stern,R (2476) Dresden 2007 (1/2-1/2, 35)}) 13... Rfd8 {[%emt 0:00:29]}
(13... Rac8 $1 {is less accurate and allows} 14. c5 Nb8 (14... Rfd8 15. Nfd2 {
[%cal Gd2c4]}) 15. Ne5 Bc6 16. Nxc6 Nxc6 17. Rac1 $14 {Caruana,F (2712)-Bacrot,
E (2705) Rogaska Slatina 2011 (1-0, 51)}) 14. Nfd4 {[%emt 0:07:28]} (14. Ne5 {
is slightly more popular, but seems to lead to equality after} Rac8 15. c5 Nxe5
16. Bxe5 Bc6 {Tkachiev,V (2662)-Lu,S (2526) Jakarta 2012 (1/2-1/2, 36). There
is not much play left after White neutralises the pressure along the Catalan
diagonal.}) (14. c5 {does not work out so well as after 13...Rac8. Freed of
the task of defending the d7-bishop, the f6-knight can leap forward,
preventing the manoeuvre Nf3-d2-c4.} Ne4 $5 15. Rac1 Rac8 16. Ne1 f5 $5 17. Nd3
Be8 {Both sides are harmoniously developed and an interesting fight lies ahead.
}) 14... Rac8 {[%emt 0:00:57]} 15. Nb5 {[%emt 0:00:11][%csl Gd6] After Black
has consolidated the c6-square, White switches to putting pressure on the dark
squares.} (15. Rac1 Be8 16. c5 Nxd4 {This is best played after c4-c5, when the
hanging c5-pawn forces White into taking with the bishop:} 17. Bxd4 {, which
fails to keep the pressure on c6, allowing} Bc6 $11 {Giri,A (2734)-Wang,Y 
(2723) Beijing 2013 (1/2-1/2, 35)}) (15. c5 Nxd4 16. Bxd4 Bc6 $11 {Kramnik,V 
(2810)-Anand,V (2780) Zuerich 2013 (1/2-1/2, 41)}) 15... b6 {[%emt 0:00:46]
Preventing c4-c5.} (15... Be8 $6 {would allow White reveal the main idea of
the previous move.} 16. c5 $1 Rxd1+ 17. Rxd1 Nd8 18. Nd6 Bxd6 19. cxd6 $16 {
Caruana,F (2711)-Svidler,P (2739) Khanty-Mansiysk 2011 (0-1, 37)}) 16. Rac1 {
[%emt 0:03:44]} a5 {[%emt 0:03:24] Taking the pawn off the attacked square and
molesting the b3-knight slightly.} (16... Be8 {implies a pawn sacrifice.} 17.
Rxd8 Rxd8 18. Bxc6 Bxc6 19. Nxa7 Bb7 {Black's bishop pair and harmonious
development, combined with the relative weakness of White's queenside pawns
offer at least some compensation for the pawn. Still, it very much looks like
a one-way business.} 20. Bd4 Nd7 21. Nb5 Ra8 22. Rc2 Ra4 23. f3 f5 {Gelfand,B 
(2755)-Alekseev,E (2714) Jermuk 2009 (1/2-1/2, 39)}) 17. a4 {[%emt 0:09:04]}
Be8 {[%emt 0:00:32] There is no counter-indication to this regrouping retreat
now.} 18. Rxd8 {[%emt 0:07:30]} Rxd8 $146 {[%emt 0:07:06] The main idea behind
this new move seems to be controlling the d-file in order to inhibit the
immediate break c4-c5.} (18... Nxd8 19. c5 $1 bxc5 20. Nxa5 Nd5 21. Nc4 $14 {
Delchev,A (2622)-Llanes Hurtado,M (2469) Haguenau 2013 (1-0, 39)}) 19. h3 {
[%emt 0:00:31] White spent less than a minute on this slightly mysterious move,
possibly meaning that he had analysed Black's move at home. The idea must be
ensuring the king against back rank problems.} (19. c5 {is not too effective
now:} bxc5 20. Nxc5 Bxc5 21. Rxc5 Rd1+ 22. Bf1 Ne4 23. Rc1 Rxc1 24. Bxc1 Nc5
$11) ({White could prepare it with} 19. Nc7 {, but it still does not seem to
work.} Bd7 20. c5 bxc5 21. Nxc5 Nb4 22. Nxd7 Nxd7 {[%cal Gd7c5]} 23. Bd4 Rc8
24. Bb7 Rb8 25. Bf3 Rc8 $11) 19... Nb4 {[%emt 0:17:21] A proper way of
anticipating c4-c5. By now, both players had started taking their time. Black
thought for 17 minutes on the previous move and White replied after 20 minutes!
} (19... Rc8 $5 20. c5 $140 bxc5 21. Nxc5 Nb4) 20. c5 {[%emt 0:20:22]} ({
Black seems to hold his own on dark squares after} 20. Bd4 Nd7 $1 (20... Rb8
21. Be5 Rc8 22. Bb7 Rd8 23. c5 bxc5 24. Bc7 Rd7 25. Nxc5 $36) 21. Nc7 Rc8 22.
Nxe8 Rxe8 23. c5 bxc5 (23... Nxc5 24. Bxc5 bxc5 25. Nxa5 $14 {[%cal Ga5c4,
Ra4a5,Yg2a8]}) 24. Be3 (24. Bb2 Nb6) (24. Nxc5 Nxc5 25. Bxc5 Na2 $11) 24... Nd5
25. Bd2 N7b6 $11) 20... bxc5 {[%emt 0:02:02]} 21. Nxa5 {[%emt 0:06:35]} Nfd5 {
[%emt 0:09:42] As it turns out, Black was well prepared for the queenside
break. All his minor pieces are controlling important squares on that wing,
neutralising the dangers connected with the passed a-pawn.} 22. Nb7 {[%emt 0:
02:37]} (22. Nc4 Ra8 {[%csl Ga4,Gb5]}) 22... Rb8 {[%emt 0:01:37]} (22... Ra8 $5
{also looks fine.}) 23. Nxc5 {[%emt 0:00:40]} Bxb5 {[%emt 0:00:20]} 24. axb5 {
[%emt 0:00:07]} Rxb5 {[%emt 0:00:09]} 25. Ne4 $11 {[%emt 0:05:29] White has
the bishop pair, but with pawns on just one wing Black did not face major
trouble in holding a draw.} f6 {[%emt 0:02:17]} 26. Nc3 {[%emt 0:00:28]} Rc5 {
[%emt 0:01:48]} 27. Nxd5 {[%emt 0:00:21]} Rxc1+ {[%emt 0:00:05]} 28. Bxc1 {
[%emt 0:00:05]} Nxd5 {[%emt 0:00:03]} 29. g4 {[%emt 0:00:20]} g5 {[%emt 0:01:
03]} 30. Be4 {[%emt 0:02:44]} Nf4 {[%emt 0:00:26]} 31. Kf1 {[%emt 0:00:10]} Nd5
{[%emt 0:03:04]} 32. e3 {[%emt 0:01:13]} Kg7 {[%emt 0:01:24]} 33. Bc2 {[%emt 0:
00:36]} h6 {[%emt 0:00:56]} 34. Bb3 {[%emt 0:00:22]} Kg6 {[%emt 0:01:09]} 35.
Ke2 {[%emt 0:00:22]} h5 {[%emt 0:02:29]} 36. Kd3 {[%emt 0:02:25]} hxg4 {
[%emt 0:02:37]} 37. hxg4 {[%emt 0:00:03]} Nc7 {[%emt 0:02:54]} 38. Bb2 {
[%emt 0:00:41]} Bd6 {[%emt 0:00:33]} 39. Bc2 {[%emt 0:00:15]} Kf7 {[%emt 0:01:
13]} 40. Ke4 {[%emt 0:00:00]} Nd5 {[%emt 0:00:00]} 41. Bb3 {[%emt 0:00:58]} Nc7
{[%emt 0:00:57]} 42. f4 {[%emt 0:00:12]} gxf4 {[%emt 0:00:28]} 43. exf4 {
[%emt 0:00:06]} Kg6 {[%emt 0:01:28]} 44. Bxe6 {[%emt 0:00:35]} Bxf4 {[%emt 0:
02:20]} 45. Bf5+ {[%emt 0:00:10]} Kg5 {[%emt 0:00:03]} 46. Bxf6+ {[%emt 0:00:
28]} 1/2-1/2